000 00593nam a22001817a 4500
005 20171111160118.0
010 _aENG-121359
020 _a9789380223957
_c30.00
035 _aEN-104891
037 _bDBAD/PUB
082 _a230.3
100 _aSrimathy. R. VIjayaLakshmai
245 _aSree Krishna and Sree Jagannadha /
_cby Srimathy. R. VIjayaLakshmai
260 _aGoweivakkam
_bMercurysun Publications
_c2015
270 _aN0-9,Vembuli Amman Koil 2nd Street Gowrivakkam
_bGowrivakkam (Chennai)
_e600073
300 _a94p.:
_c21cm(pbk)
942 _2ddc
_cEN
_mSRI
_h230.3
999 _c147323
_d147323